000
00272nam a2200121Ia 4500
008
191201s2011 xx 000 0 und d
100
_a
ARORA, CP
245
0
_a
Thermodynamics
250
_a
22th Rep
260
_c
2011
_b
TMH
_a
NEW DELHI
300
_a
762
942
_2
ddc
_c
BK
_0
2
999
_c
8021
_d
8021